Регионална библиотека "Любен Каравелов" - Русе

Психология (Запис номер 126466)

MARC детайли
000 -Лидер
Контролно поле с фиксирана дължина 01446nam a2200349 c 4500
003 - Код на организацията, давaща контролен номер
Контролно поле BLK
005 - Дата и час на последна редакция
Контролно поле 20190924151526.0
008 - Елементи от данни с фиксирана дължина
fixed length control field 180409b bul|||||r ||||||| ||bul||
010 ## - Наследен системен номер
LC control number KNG00132153000
040 ## - Източник на каталожния запис
Идентификатор на билиотеката - собственик на записа BLK
041 ## - Код за език
Код за езика на текст/звукозапис или на отделно заглавие Български
Код за езика КДБФ Български
080 ## - УДК
Текстов определител УДК Психология
УДК код - определител по УДК 159.9
УДК определител (075.3)
УДК - код + определител 159.9(075.3)
100 1# - Редна дума - Автор
Автор Беров, Тодор Колев
Авторска отговорност първи автор
R(LIN) 251689
139 ## - Редно поле
Редна дума Беров, Тодор Колев и др.
Авторски знак Беро - Б 40
245 10 - Сведения за заглавието
Заглавие Психология
Подзаглавни данни За Х кл. на ЕСПУ
Редно поле (дума) Тодор Колев Беров; съавт. Сашо И. Чакъров.
250 ## - Област на изданието
Сведения за изданието 3. изд.
257 ## - Страна на издаване
Страна на създаване/издаване България
260 ## - Област на издателските данни
-- София
Име на издателя, разпространителя и проч. Нар. просв.
Година на издаване 1987
300 ## - Физическа характеристика
Страници 105 с.
Илюстрации и др. с ил., табл.
Размери/Мащаб 24 см
380 ## - Жанр
Жанр Философия
500 ## - Общи забележки
Забележка Авт. не са отбелязани на кор. - 1. изд. 1982 ; В кн. означено 4. изд. - 85 082 тир., доп. тир. 1988.
650 #4 - Допълнително описание по предмет – тема
Основно описание – тема или топоним Психология - учебници за средни училища
9 (RLIN) 257987
653 ## - Ключова дума – ненормативна
Ключова дума психология
653 ## - Ключова дума – ненормативна
Ключова дума Х кл.
653 ## - Ключова дума – ненормативна
Ключова дума учебници за средни училища
700 1# - Други автори (авторска отговорност)
Лично име Чакъров, Сашо И.
Автороска отговорност (Описва отношението между автора и произведението) съавт.
9 (RLIN) 320121
852 ## - Местоположение
Форматна сигнатура Цб 146853
856 4# - Електронен адрес и достъп
Електронен формат pdf - файл
Път до файла /url/
856 4# - Електронен адрес и достъп
Електронен формат pdf - файл
Път до файла /url/
942 ## - АРТИКУЛИ
Вид на библиотечния материал Книги
Скрит в OPAC Не
Koha issues (borrowed), all copies 2
944 ## - СЪЗДАВАНЕ И РЕДАКЦИЯ на ЗАПИСА
Създаване/Редакция Създаване
Дата на регистрацията/редакция 17.07.2012
Статус, дата на статуса 17.07.2012 - от С1,Р / 17.07.2012
Служител, извършил регистрацията/редакцията Наталия_Медовщикова
944 ## - СЪЗДАВАНЕ И РЕДАКЦИЯ на ЗАПИСА
Създаване/Редакция Редакция
Дата на регистрацията/редакция 17.07.2012
Статус, дата на статуса 17.07.2012 - от С1,Р / 17.07.2012
Служител, извършил регистрацията/редакцията
999 ## - СИСТЕМНИ КОНТРОЛНИ НОМЕРА
Koha biblionumber 126466
Koha biblioitemnumber 126466
Наличности
Код за отписване Код за изгубен артикул Източник на класификационната схема Код за повреда Коз за рестрикции Код за отдаване Артикулен № Име на библиотеката - собственик Име на библиотеката, в която се намира в момента Статус (Текущо местоположение) Дата на вписване в системата Местоположение - отдел Цена в лева Инвентарен номер Систематично азбучна сигнатура Баркод Номер на екземпляра Цена в евро Служебна бележка Служебен тип на артикула
  Не е изгубен Universal Decimal Classification Не е повреден без рестрикции ползва се в читалня 205732 Регионална библиотека "Любен Каравелов" Русе Регионална библиотека "Любен Каравелов" Русе Хранилище 1987-01-01 Хранилище 2.50 474166 Цб 146853 120000474166 1 1.28 N: стар фонд Дата: 01.01.1987 Книги
Изтеглен Не е изгубен Universal Decimal Classification Не е повреден без рестрикции заемане за дома 205733 Регионална библиотека "Любен Каравелов" Русе Регионална библиотека "Любен Каравелов" Русе Заемна - подръчен фонд 1987-01-01 Заемна - подръчен фонд 0.49 479317 П 159.9(07)/Б 40 479317 2 0.25 N: стар фонд Дата: 01.01.1987 Дата инв: 01.02.2018 Бележки инв: П2018 Книги
Изтеглен Не е изгубен Universal Decimal Classification Не е повреден без рестрикции заемане за дома 205734 Регионална библиотека "Любен Каравелов" Русе Регионална библиотека "Любен Каравелов" Русе Заемна - подръчен фонд 1987-01-01 Заемна - подръчен фонд 2.50 638137 П 159.9(07)/Б 40 638137 3 1.28 N: стар фонд Дата: 01.01.1987 Дата инв: 01.02.2018 Бележки инв: П2018 Книги
Vip Innovations Ltd, Rousse, Bulgaria 2025